000 01207cam a2200205 a 4500
020 _a9251042837 (pbk.)
040 _cFQG
082 0 0 _a333 FOO 2003 A015 Or.
245 1 0 _aMultilingual thesaurus on land tenure /
250 _aEnglish version.
260 _aRome :
_bFood and Agriculture Organization of the United Nations,
_c2003.
300 _axi, 197 p. :
_bcol. ill. ;
_c21 cm.
500 _aTranslation of: Thésaurus multilingue du foncier.
500 _a"TC/M/X2038/E/1/10.03/2500"--P. [4] of cover.
520 _aMany countries are showing renewed interest in the different ways of accessing natural resources with a view to the eventual introduction of land tenure reforms, in the context of food security, worldwide poverty alleviation, environmental protection or quality of life. This English version constitutes the third volume of a linguistic polyptych, starting with the French and Spanish versions. The book covers the socio-cultural differences in the field of land tenure of the different linguistic contexts in which they are found.
650 0 _aLand tenure
700 1 _aCiparisse, Gérard,
710 2 _aFood and Agriculture Organization of the United Nations.
942 _cEK
999 _c11328
_d11328